| 000 | 00789nam a22002177a 4500 | ||
|---|---|---|---|
| 003 | UA-OsUOA | ||
| 001 | 73325 | ||
| 007 | ta | ||
| 008 | 20110221b un ||||| |||| 00| 0 ukr d | ||
| 100 | _aШологон Л.І. | ||
| 090 |
_a94(477) _bШ78 |
||
| 942 | _cSA | ||
| 040 |
_aUA-OsUOA _bukr _cUA-OsUOA _dUA-OsUOA |
||
| 245 | _aЗвіти про діяльність громадських організацій Галичини як джерело з історії національно-культурного руху українців краю другої половини ХІХ - початку ХХ ст. | ||
| 300 | _aС.37-46 | ||
| 955 | _a0 | ||
| 041 | _aukr | ||
| 080 | _a94(477) | ||
| 773 | 0 | _w73323 | |
| 650 | 7 |
_a9 Географія. Біографії. Історія _2UDC |
|
| 999 |
_c359609 _d359609 |
||